000 01208nam a2200313 a 4500
001 000109628
003 CHAP
005 20220329144057.0
008 140515s2014 mx a |sm |||||||spa|d
010 _a106090
011 _a107062
040 _cCHAP
090 _aTesis
100 1 _aPérez Reyes, Tabita Queren
_9126859
245 1 0 _aAlternativas de uso y neutralización de vinazas derivadas del proceso de obtención de mezcal en la destilería Los Danzantes en Santiago Matatlán, Tlacolula Oaxaca
_h[En línea]
_cpor Tabita Queren Pérez Reyes.
260 _aChapingo, Méx. :
_bEl autor,
_c2014.
500 _aPara ver el contenido del material haga clic en la liga
502 _aTesis (Ing. Agroindustrial) -- UACH. Departamento de Ingeniería Agroindustrial
590 _aBATCH-UPD
_b05
_c20141002
_lUCH01
_h0903
590 _aE792CSJ
_b05
_c20140515
_lUCH01
_h1006
590 _aE792CSJ
_b05
_c20140515
_lUCH01
_h1006
650 1 4 _aAgave
_xProcesado.
_91087
650 1 4 _aResiduos orgánicos.
_996116
650 1 4 _aVinaza
_xEfecto en el medio ambiente.
_9126871
856 _aFinding aid
_uhttp://10.13.5.2/tesis/sist109628.pdf
_zTeclea aquí
901 _aBK
942 _cTESIS
942 _n0
999 _c106090
_d106090